01290nam a2200217 a 450000100100000000500170001000800410002704000250006808200150009310000290010824500760013726000480021330000170026150001850027850000350046350400730049850503390057161000450091065100600095565100570101500001580120200929164146.0100218s1954 dr r 000 0 spa d aDO-SdBNPbspacBNPHU a341bH565c1 aHerrera Báez, Porfirio13aEl Consejo Interamericano de Jurisconsultos /cPorfirio Herrera Báez. aSanto Domingo :bEditora del Caribe,c1954. av. ;c24 cm. aLos temas sobre el reconocimiento de gobiernos de facto y la protección internacional de los derechos humanos en la II reunión del Consejo de Jurisconsultos, Buenos Aires, 1953 aLa biblioteca posee el v. 1, 2 aIncluye referencias bibliográficas y notas al pie de las páginas0 gv.1.tRio de Janeiro, 1950 : Contribución al estudio de algunos temas de codificación y desarrollo del derecho internacional y de unificación de legislaciones en el continente americano.--gv.2.tBuenos Aires, 1953: Los temas sobre el Reconocimiento de Gobiernos de facto y la protección internacional de los derechos humanos.20aCONSEJO INTERAMERICANO DE JURISCONSULTOS 4aAméricaxLegislaciónvCONGRESOS, CONFERENCIAS, ETC. 4aDerecho InternacionalvCONGRESOS, CONFERENCIAS, ETC.